| 000 | 00476nam a22001697a 4500 | ||
|---|---|---|---|
| 005 | 20251108165950.0 | ||
| 008 | 250721s1997 xx 000 0 ara d | ||
| 082 | 1 | 4 | _a811.09/شام |
| 100 | 1 | _aشامي، يحيى | |
| 245 | 1 | 0 | _aأروع ما قيل في الفروسية / |
| 264 | 1 |
_aبيروت : _bدار الفكر العربي، _c1997. |
|
| 300 | _a176ص | ||
| 650 | 1 | 7 | _aالشعر العربي |
| 650 | 1 | 7 | _aالفروسية |
| 942 |
_2ddc _cBK |
||
| 999 |
_c36104 _d36104 |
||